000 00761nas a2200277 4500
001 BR6500163
003 BR-BrBNA
005 20231205082217.0
007 ta
008 230509b bl.|||p| |||| 00| 00por d
040 _aBR-BrBNA
_bpor
_cBiblioteca Nacional de Agricultura
041 _a(Pt)
072 _aF60
100 1 _aCastro, E.A. de
100 1 _aSperotto, J.A.
245 1 _aAnalise quimica de graos e palha de arroz
650 _aBioquimica vegetal
650 _aArroz
650 _aGrao
650 _aPalha
650 _aAnalise quimica
650 _aRio Grande do Sul
773 0 _tLavoura Arrozeira (Brazil)
_xISSN 0023-9143
_g(Mar 1965), v. 19(216) p. 4
_wBR6500163
909 _a202311
_bLúcia
_c55
_dLúcia Elande
942 _2AGRIS
_n0
_cANA
999 _c89999
_d89999